01398nam a2200373 i 450000100060000000300080000600500170001400600190003100700150005000800410006502000180010602000280012403500220015204000310017405000220020508000100022708200140023724501480025126400310039930000410043033600290047133700330050033800430053349000500057650400290062658800830065565000290073865000540076765000170082165500270083870000450086583000510091085600630096142652FINmELB20241216222049.0m o u cr cn|||||||||240922s2024 sp ob 000 0 spa d z9788483568347 a9788410702998q(e-book) a(OCoLC)1456877895 aFINmELBbspaerdacFINmELB14aLB1027bI584 2024 a37.0204a371.322300aInnovación pedagógica y tecnológica para transformar los espacios de aprendizaje /cJesús López-Belmonte [y otros 4] (coordinadores). 1aMadrid :bDykinson,c2024. a1 recurso en línea (119 páginas) atextobtxt2rdamedia/spa acomputadorabc2rdamedia/spa arecurso en líneabcr2rdacarrier/spa1 aColección Innovación en Ciencias Sociales aContiene bibliografía. aDescripción basada en metadatos suministrados por el editor y otras fuentes. 4aInnovaciones educativas. 4aTecnologías de la información en educación. 4aAprendizaje. 4aLibros electrónicos.1 aLópez-Belmonte, Jesús,ecoordinador. 0aColección Innovación en Ciencias Sociales.40uhttps://elibro.net/ereader/politecnicointernacional/271884